000 01253nam0a22002891 4500
001 rc\4039485
005 20260408084056.0
021 _aRU
_b[52-19544]
035 _a(NLR Aleph) 008098194
090 _a9227039
_c9227039
100 _a20130415d1952 |||y0rusy50 ca
101 0 _arus
102 _aRU
105 _ay z |||||
200 1 _aЗеленый конвейер
_fМ-во сельского хозяйства БССР. Упр. с.-х. пропаганды
210 _aМинск
_cГос. изд-во БССР. Ред. с.-х. лит.
_d1952
215 _a19 с.
_d20
300 _aАвт. указаны на 14-й с.: кандидаты с.-х. наук Д. Забелло, Б. Розенблюм
606 _aЗеленый конвейер
_yБелорусская ССР
_2psbo
700 1 _7ca
_8rus
_aЗабелло
_bД. А.
_f1903-
_gДмитрий Аврамович
_3RU\NLR\AUTH\770278540
_92650507
701 1 _aРозенблюм
_bБ.
712 0 1 _aБCСР
_bГлавное управление сельскохозяйственной пропаганды и науки
_3RU\NLR\AUTH\8810179750
_9855714
801 0 _aRU
_bNLR
_gpsbo
801 1 _aRU
_bELAR
_2rusmarc
852 _aNLR
_jС50 Г-4/2414
942 _cBOOK
980 _aNB